[Event "3rd Mersin Open 2018"]
[Site "Mersin"]
[Date "2018.09.10"]
[Round "3.3"]
[White "Bagaturov, Giorgi"]
[Black "Zeynalli, Rashad"]
[Result "1/2-1/2"]
[WhiteElo "2396"]
[BlackElo "2318"]
[Annotator "TA"]
[PlyCount "118"]
[EventDate "2018.09.09"]
[EventType "swiss"]
[EventCountry "TUR"]
[SourceTitle "playchess.com"]
[Source "ChessBase"]
[SourceQuality "1"]

{[%evp 23,118,38,49,39,68,33,39,13,140,115,133,143,98,100,98,104,92,72,82,66,84,39,85,92,103,68,47,-10,-8,-14,-10,-22,0,0,0,0,0,0,0,0,9,-100,-116,-125,-120,-115,-114,-131,-131,-131,-135,-143,-147,-244,-236,-258,-137,-199,-159,-485,-480,-549,-534,-455,-353,-668,-647,-811,-811,-821,-859,-877,-850,-757,-515,-479,0,-646,0,-415,-276,-273,-312,-569,0,0,0,0,0,0,0,0,0,0,0,0,0]} 1. d4 f5 2. g3 Nf6 3. Bg2 g6 4. Nf3 Bg7 5. Ng1 Bf8 6. Nf3 Bg7 7. O-O O-O 8. b3 d6 9. Bb2 c6 10. Nbd2 a5 11. c4 a4 {A87: Dutch Defence: Leningrad System: 5 Nf3} (11... Na6 12. a3 Re8 13. Qc2 Qc7 14. e4 fxe4 15. Nxe4 Nxe4 16. Qxe4 Bf5 17. Qe3 e5 18. dxe5 dxe5 19. Ng5 Bh6 20. h4 {0-1 (55) Georgiev,K (2596)-Cheparinov,I (2693) Kozloduy 2018}) 12. Qc2 Na6 {LiveBook: 3 Games} 13. bxa4 $146 ({Predecessor:} 13. Bc3 Bd7 14. e4 fxe4 15. Nxe4 Nxe4 16. Qxe4 Bf5 17. Qe3 Nc7 18. Rfe1 Re8 19. h4 {1-0 (34) Ribli,Z (2526)-Timman,J (2578) Platja d'Aro 2017}) 13... c5 {White is slightly better.} 14. d5 Nb4 15. Qb3 h6 (15... Bd7 $11) 16. Bc3 Qe8 17. a5 g5 18. a3 Na6 19. Rfe1 Qg6 20. Qb1 Rf7 21. Ra2 Nc7 22. Rb2 Ng4 23. Bxg7 Qxg7 24. e4 Rxa5 25. Rxb7 (25. Rb3 $14) 25... Bxb7 $11 26. Qxb7 Ne8 27. exf5 e5 28. Qc8 Qf8 29. Ne4 Ngf6 30. Nfd2 $1 Kg7 31. Rb1 Rc7 32. Qe6 (32. Rb7 $11 {remains equal.} Rxb7 33. Qxb7+ Kg8 34. Nxf6+ Nxf6 35. Qb2) 32... Ra8 $1 $17 {[%cal Ba5a8,Ba8d8,Bd8d7][%mdl 32]} 33. Nxf6 Nxf6 34. Ne4 {And now Rb6 would win.} Rd8 $1 35. Rb6 {[%cal Re4d6]} Re7 36. Nxf6 Qxf6 ({Don't blunder} 36... Rxe6 $2 37. Nh5+ Kh8 38. dxe6 $18) 37. Qxf6+ Kxf6 {[%mdl 4096] Endgame KRR-KRB} 38. Be4 (38. g4 $17) 38... Ra7 $19 39. g4 Rdd7 (39... Rxa3 $19 40. Rb7 Rc3) 40. Rb8 {[#]} (40. Rb3 $17) 40... Ra4 $1 ({Worse is} 40... Rxa3 41. Rg8 $11) 41. Rg8 $2 (41. h3 $17 {is a better chance.}) 41... Rxc4 42. Rg6+ Kf7 43. Bf3 Rf4 44. Kg2 $2 (44. Be2 Rb7 45. Rxd6) 44... e4 {[%cal Be5e4,Be4e3][%mdl 32]} 45. Be2 Rb7 46. Rxd6 Rb2 47. Kf1 e3 48. f3 Rb1+ 49. Kg2 Rb2 50. Kf1 Rb1+ 51. Kg2 Re1 52. Bb5 {[#]} Rd4 $1 {[%cal Rd4d2]} 53. f4 $2 (53. Kh3 Rd2 54. f4 gxf4 55. Re6) 53... Rd2+ $2 ({Black should try} 53... Rxf4 $19 {Threatens to win with ...Rf2+.} 54. Rd7+ Kf6 55. Rd6+ Ke5 56. Re6+ Kxd5 57. Bc6+ Kc4) 54. Kf3 $11 {The position is equal.} gxf4 55. Kxf4 Rb2 56. Rd7+ Kf8 57. Rd8+ Ke7 58. Rd7+ Kf8 59. Rd8+ Ke7 {Precision: White = 46%, Black = 54%.} 1/2-1/2

[Event "3rd Mersin Open 2018"]
[Site "Mersin"]
[Date "2018.09.10"]
[Round "3.4"]
[White "Rasulov, Vugar"]
[Black "Kazimova, Narmin"]
[Result "1/2-1/2"]
[WhiteElo "2527"]
[BlackElo "2264"]
[Annotator "TA"]
[PlyCount "115"]
[EventDate "2018.09.09"]
[EventType "swiss"]
[EventCountry "TUR"]
[SourceTitle "playchess.com"]
[Source "ChessBase"]
[SourceQuality "1"]

{[%evp 9,115,-58,-64,-64,-63,-64,-45,-59,-52,-148,-150,-149,-156,-125,-110,-192,-137,-138,-137,-147,-155,-152,-103,-108,-103,-121,-118,-118,-19,-39,-32,-105,-52,-153,-135,-152,-124,-129,-121,-159,-24,-12,56,-158,-155,-243,-153,-150,-106,-154,-12,-29,-2,-39,0,0,279,264,266,-115,-99,-229,-266,-237,0,-62,-72,-79,0,2,37,31,32,33,33,35,36,39,29,16,31,0,8,0,0,0,0,0,0,-8,-8,-8,-8,-8,-8,-8,0,0,0,0,0,0,0,0,0,0,0,0]} 1. d4 Nf6 2. Bf4 e6 3. Nc3 d5 4. Qd2 a6 5. f3 (5. Nf3 b5 6. a3 c5 7. dxc5 Bxc5 8. e3 Bb7 9. Be2 Nbd7 10. h3 O-O 11. O-O Nb6 {0-1 (40) Bojkovic,S (2248)-Nomin Erdene,D (2373) Novi Sad 2017}) 5... c5 6. e3 {D00: 1 d4 d5: Unusual lines} Nc6 7. g4 Be7 8. Nge2 {Black is slightly better.} b5 9. Kf2 $146 {[#]} (9. dxc5 $15 Bxc5 10. Nd4) ({Predecessor:} 9. Nd1 Bb7 10. Nf2 O-O 11. c3 cxd4 12. exd4 {0-1 (24) Balazs,B (1300)-Engelke,T (1639) Verden 2011}) 9... g5 $1 $17 {[%mdl 512]} 10. Bg3 (10. Bxg5 Nxg4+) 10... h5 11. gxh5 Rxh5 12. Kg2 (12. Bg2 $17) 12... Bb7 (12... g4 $19 {Strongly threatening ...gxf3+.} 13. fxg4 Nxg4) 13. h3 Qd7 14. a4 b4 15. Nd1 Bd6 16. Nf2 c4 {[%cal Bc5c4,Bc4c3][%mdl 32]} 17. b3 c3 18. Qe1 Ne7 (18... O-O-O $17) 19. Bxd6 Qxd6 20. Ng3 (20. Ng4 $15 Nd7 21. Qg3 Qxg3+ 22. Nxg3) 20... Ng6 (20... Rh8 $17 21. Bd3 Nd7) 21. Nd3 (21. Ng4 $15 Nxg4 22. hxg4 Rxh1 23. Kxh1) 21... Rh6 $36 {[%mdl 2048] Black has strong initiative.} 22. a5 Bc6 23. Kf2 Ke7 24. Nc5 Be8 (24... Nd7 $17 25. Nxa6 Nh4) 25. Bd3 $11 Nd7 (25... Nh4 $11) 26. Na4 $2 (26. Qg1 $1 $14 {stays ahead.}) 26... Nh4 $17 27. Ke2 (27. Qg1 $17 f6 28. Qh2) 27... f6 28. Qf2 Qc7 29. e4 {[%cal Be3e4,Be4d5,Bd5e6][%mdl 32]} Ng6 ({Don't play} 29... Qxa5 30. Nxc3 Qc7 31. Na2 $17) ({Better is} 29... dxe4 $17 30. fxe4 Ng6) 30. exd5 $1 $11 Nf4+ 31. Kf1 $1 {dxe6 is the strong threat.} Nxd3 ({Inferior is} 31... Qxa5 32. Qe3 $16) 32. cxd3 Qxa5 $2 {[%mdl 8192]} (32... Bg6 $11 {and Black stays safe.}) 33. dxe6 $18 Nf8 {[#]} 34. d5 $2 (34. Qe3 $1 $18 {[%cal Re3e4]} Bg6 35. Kf2) 34... Qxd5 $17 35. Nb6 (35. Qc5+ $17 {is the only way for White.} Qxc5 36. Nxc5) 35... Qxd3+ $19 36. Kg2 Ng6 $2 ({Black should play} 36... Nxe6 $19 37. Nxa8 Nf4+ 38. Kg1 Rxh3 39. Re1+ (39. Qc5+ $2 Kf7 $19) 39... Kf7 40. Qa7+ Bd7 41. Rxh3 Nxh3+ 42. Kh2 Nf4) 37. Qc5+ (37. Nxa8 $11 Nh4+ 38. Kh2 Nxf3+ 39. Kg2 Nh4+ 40. Kh2 Nf3+ 41. Kg2 Nh4+ 42. Kh2 Nf3+) 37... Kxe6 $15 38. Nxa8 {[%cal Bb6a8,Ba8c7,Bc7d5][%mdl 32] [#]} Nh4+ ({Black should try} 38... Kf7 $1 $17 39. Qc4+ Qxc4 40. bxc4 Nf4+ 41. Kf2 b3) 39. Kg1 $11 {Threatening mate with Re1+.} Nxf3+ 40. Kf2 Ne5 41. Nc7+ Kf7 42. Qd5+ Qxd5 43. Nxd5 {Threatens to win with Nf5.} Bc6 44. Nf5 Rh8 45. Nfe7 Bb7 {The position is equal.} 46. Ke3 Ke6 47. Ra5 Rh7 48. Rf1 Rxh3+ 49. Kd4 Bxd5 50. Rxa6+ Kxe7 51. Kxd5 {[%mdl 4096] Endgame KRR-KRN} Rd3+ 52. Ke4 c2 53. Ra7+ Ke6 {Hoping for ...f5+!} 54. Ra6+ Ke7 55. Ra7+ Ke6 {aiming for ...f5+.} 56. Ra6+ Ke7 57. Ra7+ Ke6 {And now ...f5+ would win.} 58. Ra6+ {Precision: White = 33%, Black = 31%.} 1/2-1/2

[Event "3rd Mersin Open 2018"]
[Site "Mersin"]
[Date "2018.09.10"]
[Round "3.5"]
[White "Iskandarov, Misratdin"]
[Black "Ersahin, Bulent"]
[Result "1-0"]
[WhiteElo "2482"]
[BlackElo "2191"]
[Annotator "TA"]
[PlyCount "103"]
[EventDate "2018.09.09"]
[EventType "swiss"]
[EventCountry "TUR"]
[SourceTitle "playchess.com"]
[Source "ChessBase"]
[SourceQuality "1"]

{[%evp 16,103,43,50,108,100,107,97,106,92,100,93,85,60,109,87,102,121,111,111,102,101,99,95,111,95,123,107,96,72,234,252,399,404,393,375,331,105,105,108,441,420,558,565,567,556,566,556,564,539,554,520,559,479,479,451,564,148,154,143,134,126,168,141,273,263,251,268,400,405,389,395,415,349,315,0,412,385,454,447,459,277,298,0,370,404,907,812,4582,1985]} 1. e4 c5 2. Nf3 e6 3. d4 cxd4 4. Nxd4 a6 5. g3 Nf6 6. Bg2 {B41: Sicilian: Kan Variation: 5 c4} d6 7. O-O Be7 8. c4 O-O (8... Bd7 9. b3 Nc6 10. Bb2 O-O 11. Nc3 Rc8 12. Rc1 Qa5 13. a4 Qb6 14. Nxc6 Bxc6 {1-0 (42) Zherebukh,Y (2636)-Hansen,E (2629) chess.com INT 2018}) 9. Nc3 {LiveBook: 29 Games} e5 (9... Nc6 $14) 10. Nf5 $146 ({Predecessor:} 10. Nc2 Qc7 11. Ne3 Be6 12. Ncd5 Nxd5 13. cxd5 Bd7 14. Bd2 Bb5 15. Re1 Nd7 16. a4 Bxa4 17. Qxa4 Nc5 18. Qa3 Qb6 19. b4 Nd7 20. Nf5 Bf6 21. Qa4 {1-0 (21) Thanisch,M (2065)-Otto,M Lauenburg 2009}) 10... Be6 11. b3 Nc6 12. Qd3 Re8 13. Nxe7+ Qxe7 14. Ba3 Red8 15. Rad1 {[%cal Ra3d6]} Nd4 16. f4 Qc7 17. Nd5 Nxd5 18. exd5 Bf5 19. Qd2 {And now Bxd6! would win.} f6 20. Bb2 {Threatens to win with fxe5.} Bg4 21. Rde1 Qc5 {...Nf3+ is the strong threat.} 22. Kh1 $36 {[%mdl 2048] White is in control.} b5 $2 (22... Rf8 $16 {was worth a try.}) 23. fxe5 $18 fxe5 (23... dxe5 $142 24. Re4 Bh5 25. Bxd4 exd4 26. Qxd4 (26. Rxd4 bxc4 27. bxc4 Bf7 $18) 26... Rac8) 24. Re4 Bh5 25. Bxd4 exd4 26. Rxd4 $2 ({Weaker is} 26. Qxd4 Qxd4 27. Rxd4 bxc4 $16) (26. Bh3 $1 $18) 26... Rf8 $16 27. Rdf4 bxc4 $2 {[%mdl 8192] [#]} (27... Rxf4 $16 28. Rxf4 (28. Qxf4 Bg6 $16) 28... bxc4) 28. Bh3 $1 $18 {[%cal Rh3e6] Threatening mate with Be6+.} Rxf4 29. Qxf4 {White threatens Be6+ and mate.} h6 30. Qf5 c3 {Strongly threatening ...c2.} 31. Qxh5 c2 32. Qf7+ Kh8 33. Qf4 Re8 34. Qc4 Qxc4 35. bxc4 {[%mdl 4096] Endgame KRB-KR} Rb8 36. Bf5 $2 (36. Kg2 $18 {is the precise move to win.}) 36... Rf8 $16 {Hoping for ...Rxf5!} 37. Rc1 Rxf5 {KR-KR} 38. Kg2 Kh7 39. Rxc2 Re5 (39... Rf8 $16 40. h4 Kg6) 40. Kf3 $18 Re1 41. Rb2 Rc1 {[#]} (41... Kg8 $142 42. Rb6 Rc1 43. Rxd6 (43. Rxa6 Rxc4 44. Rxd6 Ra4 $16) 43... Rc3+ 44. Ke2 Rxc4 45. Rxa6 Rd4) 42. Ke4 $1 {[%cal Re4d3]} Kg6 43. Kd3 Rd1+ 44. Kc3 Rc1+ 45. Kd3 Rd1+ $1 46. Rd2 Rc1 47. Re2 Rd1+ 48. Kc3 Rc1+ 49. Kd3 Rd1+ $1 50. Kc2 Rh1 {[#]} (50... Ra1 $142 51. Re6+ Kf5) 51. c5 $1 {[%mdl 512]} dxc5 52. d6 {Precision: White = 58%, Black = 36%.} 1-0

[Event "3rd Mersin Open 2018"]
[Site "Mersin"]
[Date "2018.09.10"]
[Round "3.6"]
[White "Alaz, Ahmet Efekan"]
[Black "Khodashenas, Mersad"]
[Result "0-1"]
[WhiteElo "2127"]
[BlackElo "2452"]
[Annotator "TA"]
[PlyCount "110"]
[EventDate "2018.09.09"]
[EventType "swiss"]
[EventCountry "TUR"]
[SourceTitle "playchess.com"]
[Source "ChessBase"]
[SourceQuality "1"]

{[%evp 19,110,-25,-30,-55,-47,-58,-44,-51,-57,-57,-56,-65,-65,-79,-57,-59,-56,-65,-51,-51,-54,-58,-31,-88,-97,-91,-77,-79,-56,-68,-70,-75,-81,-120,-90,-137,-136,-136,-136,-136,-131,-136,-135,-129,-133,-127,-137,-167,-164,-165,-151,-149,-142,-258,-262,-307,-294,-312,-320,-465,-441,-528,-546,-653,-627,-435,-240,-596,-655,-645,-597,-606,-601,-1722,-1583,-2152,-2656,-1856,-1641,-4614,-737,-4610,-4610,-29983,-29984,-29984,-29985,-29985,-29986,-29988,-29989,-29989,-29990]} 1. d4 Nf6 2. Nf3 c5 3. e3 d5 4. Nbd2 Nc6 5. c3 Qc7 (5... cxd4 6. exd4 Bf5 7. Nh4 Bg4 8. Be2 Bxe2 9. Qxe2 e6 10. Nb3 Qc7 11. g3 O-O-O 12. Bf4 Bd6 13. Bxd6 Qxd6 {0-1 (43) Jussupow,A (2583)-Karjakin,S (2678) Amsterdam 2007}) 6. Be2 {D05: Colle System with ...e6} e5 7. Nxe5 Nxe5 8. dxe5 Qxe5 9. Qa4+ $146 ({Predecessor:} 9. Nf3 Qc7 10. h3 Bd6 11. Qa4+ Bd7 12. Qh4 Be7 {0-1 (42) Olleta Tanya,J (1450)-Volart Buil,J (1754) Barcelona 2017}) 9... Bd7 10. Bb5 Bd6 {LiveBook: 6 Games} 11. Nf3 Qe4 12. Bxd7+ Nxd7 13. Qxe4+ dxe4 14. Nd2 f5 15. f4 exf3 16. gxf3 O-O-O 17. Nc4 Bc7 18. a4 Ne5 19. Nxe5 Bxe5 20. Bd2 Rd6 21. Ke2 ({White should play} 21. O-O-O $15) 21... Rhd8 $36 {[%mdl 2048] Black is on the roll.} 22. Rad1 Ra6 23. Ra1 Rdd6 24. Be1 Rdb6 25. Ra2 Re6 26. Kf2 Rad6 27. Ra1 Bf6 28. Ke2 Bg5 29. Bf2 {[#]} Bxe3 $1 {[%mdl 512]} 30. Bxe3 {Black must now prevent Kf2.} f4 $1 31. Rad1 Rxe3+ {[%mdl 4096] Endgame KRR-KRR} 32. Kf2 Ree6 33. Rhg1 Rxd1 34. Rxd1 $19 {KR-KR} Rb6 35. Rd2 Kc7 36. Kg2 {[#]} (36. Re2 $17) 36... Ra6 $1 37. Kh3 Rxa4 38. Kg4 a5 39. h4 (39. Kf5 {was necessary.}) 39... Ra2 40. Kxf4 a4 41. Ke3 a3 42. bxa3 Rxa3 (42... Rxd2 $142 43. Kxd2 Kd6) 43. Kd3 $2 (43. Rc2 {was the crucial defense.}) 43... b5 44. Rg2 b4 45. Rxg7+ Kc6 46. Rxh7 Rxc3+ 47. Ke4 b3 48. Rh6+ Kb5 49. Rh8 Rc1 (49... Kc4 $142 50. Rb8 Rc1) 50. h5 Kc4 51. f4 b2 {Black mates.} 52. Rb8 b1=Q+ 53. Rxb1 Rxb1 54. Kf5 Kd5 55. h6 c4 {Precision: White = 33%, Black = 85%.} 0-1

[Event "3rd Mersin Open 2018"]
[Site "Mersin"]
[Date "2018.09.10"]
[Round "3.7"]
[White "Shishkin, Vadim"]
[Black "Isik, Engin Yasar"]
[Result "1-0"]
[WhiteElo "2443"]
[BlackElo "2171"]
[Annotator "TA"]
[PlyCount "59"]
[EventDate "2018.09.09"]
[EventType "swiss"]
[EventCountry "TUR"]
[SourceTitle "playchess.com"]
[Source "ChessBase"]
[SourceQuality "1"]

{[%evp 20,59,66,63,88,75,85,76,262,233,225,165,182,179,240,171,162,177,282,231,300,298,281,283,376,352,552,369,471,455,472,460,460,471,1083,1081,1631,1581,1624,1563,2439,2369]} 1. d4 Nf6 2. c4 g6 3. Nc3 Bg7 4. e4 d6 5. Be2 O-O 6. Be3 e5 7. d5 a5 8. g4 Na6 {E73: King's Indian: Averbakh Variation without 6...c5} 9. h4 {[%cal Bh2h4,Bh4h5][%mdl 32]} Nc5 10. Bf3 (10. f3 h5 11. g5 Nh7 12. Kd2 Bd7 13. Nh3 c6 14. Nf2 cxd5 15. exd5 f5 16. gxf6 Nxf6 17. Bxc5 dxc5 {0-1 (37) Vallejo Pons,F (2705)-Radjabov,T (2741) Palma de Mallorca 2017}) 10... Nfd7 11. h5 {LiveBook: 6 Games} Nb6 12. Be2 Bd7 13. b3 $146 {[%cal Bb2b3,Bb3b4][%mdl 32]} ({Predecessor:} 13. Qd2 Nba4 14. Nxa4 Bxa4 {½-½ (28) Grishchenko,S (2439)-Bissieres,M (2367) Condom 2017}) 13... a4 $2 {[#]} (13... c6 $16 {keeps fighting.}) 14. b4 $18 Na6 15. a3 Nc8 16. Qd2 f6 (16... c5 $142) 17. f4 exf4 18. Bxf4 Re8 (18... g5 $142) 19. O-O-O Qe7 20. hxg6 hxg6 21. Nf3 {[%cal Bg1f3,Bf3d4,Bd4b5][%mdl 32]} g5 22. Be3 Qf7 (22... Bxg4 {was worth a try.} 23. Nd4 Bd7) 23. Nd4 Ne7 24. Rdf1 {White is clearly winning.} c5 25. dxc6 Nxc6 26. Ndb5 f5 (26... Qe6 $142 27. Nxd6 Ne5 28. Nxe8 Bxe8) 27. gxf5 Ncxb4 28. f6 Bxf6 29. axb4 Nxb4 30. Bxg5 {Precision: White = 83%, Black = 26%.} 1-0

[Event "3rd Mersin Open 2018"]
[Site "Mersin"]
[Date "2018.09.10"]
[Round "3.8"]
[White "Buyukasik, Diyap"]
[Black "Tofan, Ibrahim"]
[Result "1-0"]
[WhiteElo "2305"]
[BlackElo "2116"]
[Annotator "NA"]
[PlyCount "103"]
[EventDate "2018.09.09"]
[EventType "swiss"]
[EventCountry "TUR"]
[SourceTitle "playchess.com"]
[Source "ChessBase"]
[SourceQuality "1"]
[TimeControl "5400+30"]

1. Nf3 {[%emt 0:00:30]} Nf6 {[%emt 0:00:30]} 2. g3 g6 {[%emt 0:00:00]} 3. Bg2 {[%emt 0:01:00]} Bg7 {[%emt 0:00:00]} 4. O-O {[%emt 0:00:00]} O-O {[%emt 0:00:30]} 5. c4 {[%emt 0:00:00]} c5 {[%emt 0:00:00]} 6. Nc3 {[%emt 0:01:30]} Nc6 {[%emt 0:00:00]} 7. d3 {[%emt 0:05:30]} d6 {[%emt 0:01:30]} 8. a3 {[%emt 0:05:30]} Bg4 {[%emt 0:06:30]} 9. h3 {[%emt 0:01:30] A38: Symmetrical English vs ...g6: 4 Bg2 Bg7 5 Nf3 Nf6} (9. Rb1 d5 10. Bd2 {½-½ (10) Stevic,H (2623)-Tadic,B (2493) Neum 2011}) 9... Bxf3 {[%emt 0:01:30]} 10. Bxf3 {[%emt 0:00:30]} Qd7 {[%emt 0:00:30]} 11. Bg2 {[%emt 0:00:30]} e6 {[%emt 0:03:30]} 12. Rb1 {[%emt 0:01:30]} a5 {[%emt 0:05:30]} 13. Bd2 $146 {[%emt 0:03:30]} ({Predecessor:} 13. Be3 Rac8 14. Na2 b6 15. Nc3 Rfd8 16. Na4 Qc7 {0-1 (38) Ballina Amandi,C-Loureda Garcia,J Asturias 1992}) 13... Rfe8 {[%emt 0:09:30]} 14. e3 {[%emt 0:01:30]} d5 {[%emt 0:04:30]} 15. cxd5 {[%emt 0:01:30]} exd5 {[%emt 0:01:30]} 16. Na4 {[%emt 0:01:30]} Qd6 {[%emt 0:03:30]} 17. Qc2 {[%emt 0:03:30]} Nd7 {[%emt 0:02:30]} 18. Rfc1 {[%emt 0:00:30]} b6 {[%emt 0:05:30]} 19. Qb3 {[%emt 0:05:30]} Ne7 {[%emt 0:01:30]} 20. Nc3 {[%emt 0:12:30]} Nf6 {[%emt 0:05:30]} 21. Rd1 {[%emt 0:07:30]} Rad8 {[%emt 0:03:30]} 22. e4 {[%emt 0:05:30]} d4 {[%emt 0:22:30]} 23. Nb5 {[%emt 0:11:30]} Qd7 {[%emt 0:03:43]} 24. e5 {[%emt 0:02:30]} Nfd5 {[%emt 0:13:27]} 25. Nd6 {[%emt 0:04:30]} Bxe5 {[%emt 0:03:23]} 26. Nxe8 {[%emt 0:00:30]} a4 {[%emt 0:01:35]} 27. Qa2 {[%emt 0:00:30]} Rxe8 {[%emt 0:00:50]} 28. Re1 {[%emt 0:00:30]} Qd6 {[%emt 0:00:27]} 29. f4 {[%emt 0:06:40]} Ne3 {[%emt 0:00:15]} 30. fxe5 {[%emt 0:00:47]} Qxe5 {[%emt 0:00:03]} 31. Bxe3 {[%emt 0:00:35]} dxe3 {[%emt 0:00:00]} 32. g4 {[%emt 0:00:00]} g5 {[%emt 0:01:11]} 33. Rf1 $18 {[%emt 0:03:04]} Rf8 {[%emt 0:00:04]} 34. Rbe1 {[%emt 0:01:02]} Ng6 {[%emt 0:00:52]} 35. Qd5 {[%emt 0:00:41]} e2 {[%emt 0:00:55]} 36. Qxe5 {[%emt 0:02:26]} exf1=Q+ {[%emt 0:00:19]} 37. Kxf1 {[%emt 0:00:30]} Nxe5 {[%emt 0:00:30]} 38. Rxe5 {[%emt 0:00:30]} h6 {[%emt 0:00:31]} 39. Bc6 {[%emt 0:00:30]} f5 {[%emt 0:00:30]} 40. gxf5 {[%emt 0:00:30]} Kg7 {[%emt 0:00:30]} 41. Be4 {[%emt 0:00:30]} Rd8 {[%emt 0:00:24]} 42. Re7+ {[%emt 0:00:16]} Kf8 {[%emt 0:00:19]} 43. Rh7 {[%emt 0:00:26]} Rd6 {[%emt 0:00:12]} 44. Ke2 {[%emt 0:00:02]} Kg8 {[%emt 0:00:25]} 45. Ra7 {[%emt 0:00:10]} b5 {[%emt 0:00:45]} 46. Rc7 {[%emt 0:00:04]} c4 {[%emt 0:00:26]} 47. dxc4 {[%emt 0:00:08]} bxc4 {[%emt 0:00:12]} 48. Rxc4 {[%emt 0:00:08]} Rb6 {[%emt 0:00:25]} 49. Rb4 {[%emt 0:00:05]} Ra6 {[%emt 0:00:00]} 50. Bc2 {[%emt 0:00:44]} Kg7 {[%emt 0:00:16]} 51. Rxa4 {[%emt 0:00:24]} Rc6 {[%emt 0:00:20]} 52. Bd3 {[%emt 0:00:03]} 1-0

[Event "3rd Mersin Open 2018"]
[Site "Mersin"]
[Date "2018.09.10"]
[Round "3.9"]
[White "Annaberdiyev, Babageldi"]
[Black "Olcum, Ahmet"]
[Result "*"]
[WhiteElo "2214"]
[BlackElo "2302"]
[Annotator "NA"]
[PlyCount "24"]
[EventDate "2018.09.09"]
[EventType "swiss"]
[EventCountry "TUR"]
[SourceTitle "playchess.com"]
[Source "ChessBase"]
[SourceQuality "1"]
[TimeControl "5400+30"]

1. d4 {[%emt 0:02:30]} d6 {[%emt 0:04:30]} 2. g3 {[%emt 0:01:30]} g6 {[%emt 0:00:30]} 3. Bg2 {[%emt 0:00:30]} Bg7 {[%emt 0:00:00]} 4. Nf3 {[%emt 0:00:00]} Nd7 {[%emt 0:00:00]} 5. O-O {[%emt 0:00:00]} e5 {[%emt 0:03:30]} 6. dxe5 {[%emt 0:01:30]} dxe5 {[%emt 0:00:30]} 7. e4 {[%emt 0:00:30]} Ne7 {[%emt 0:01:30]} 8. Qe2 {[%emt 0:00:30]} O-O {[%emt 0:07:30]} 9. Rd1 {[%emt 0:01:30]} Qe8 $14 {[%emt 0:15:30]} 10. b3 {[%emt 0:18:30]} Nc5 {[%emt 0:17:30]} 11. Ba3 {[%emt 0:01:30]} Ne6 {[%emt 0:00:30]} 12. c3 {[%emt 0:01:30]} Bd7 {[%emt 0:04:30]} *

[Event "3rd Mersin Open 2018"]
[Site "Mersin"]
[Date "2018.09.10"]
[Round "3.10"]
[White "Koksal, Ege"]
[Black "Buke, Furkan"]
[Result "1-0"]
[WhiteElo "2367"]
[BlackElo "1964"]
[Annotator "NA"]
[PlyCount "77"]
[EventDate "2018.09.09"]
[EventType "swiss"]
[EventCountry "TUR"]
[SourceTitle "playchess.com"]
[Source "ChessBase"]
[SourceQuality "1"]
[TimeControl "5400+30"]

1. d4 {[%emt 0:00:30]} Nf6 {[%emt 0:04:30]} 2. c4 {[%emt 0:00:30]} e6 {[%emt 0:00:30]} 3. Nf3 {[%emt 0:00:00]} b6 {[%emt 0:00:00]} 4. g3 {[%emt 0:00:00]} Ba6 {[%emt 0:00:00]} 5. b3 {[%emt 0:00:00]} b5 {[%emt 0:00:00]} 6. cxb5 {[%emt 0:01:00]} Bxb5 {[%emt 0:01:00]} 7. Bg2 {[%emt 0:00:30]} d5 {[%emt 0:00:30]} 8. O-O {[%emt 0:00:00] E15: Queen's Indian: 4 g3 sidelines, 4 g3 Ba6 and 4 g3 Bb7 early deviations} Bd6 {[%emt 0:00:00]} (8... Be7 9. Nc3 Ba6 10. b4 O-O 11. Rb1 Nbd7 12. Bf4 Nh5 13. Bd2 Nhf6 14. Re1 c6 15. Bf4 Nh5 {1-0 (81) Bruzon Batista,L (2668)-Ortiz Suarez,I (2623) Merida 2014}) 9. Ba3 {[%emt 0:02:00]} Bxa3 {[%emt 0:02:00]} 10. Nxa3 {[%emt 0:00:00]} Ba6 {[%emt 0:00:00]} 11. Nc2 $146 {[%emt 0:03:00]} ({Predecessor:} 11. b4 Qd6 12. Rb1 Nbd7 13. Qc2 O-O 14. Rfc1 Rfc8 15. Bf1 Qb6 16. Qa4 c6 17. Rc2 Bb5 18. Qb3 Ne4 19. Rbc1 Nd6 20. e3 Bxf1 21. Kxf1 {½-½ (21) Lalic,B (2531)-Medvegy,Z (2444) Oberwart 2001}) 11... Qd6 {[%emt 0:02:00]} 12. Re1 {[%emt 0:05:30]} Nbd7 {[%emt 0:03:30]} 13. Nd2 {[%emt 0:04:30]} Bb7 {[%emt 0:01:30]} 14. b4 {[%emt 0:02:30]} O-O {[%emt 0:00:30]} 15. Nb3 {[%emt 0:00:00]} Rab8 {[%emt 0:04:30]} 16. Qd2 {[%emt 0:02:00]} Ne4 {[%emt 0:01:30]} 17. Qe3 {[%emt 0:00:30]} f5 {[%emt 0:01:30]} 18. Nc5 {[%emt 0:02:30]} a5 {[%emt 0:04:30]} (18... f4 $11 19. gxf4 Ndxc5 20. bxc5 Qxf4) 19. f3 {[%emt 0:06:30]} Nexc5 {[%emt 0:00:00]} 20. dxc5 {[%emt 0:01:30]} Qe7 {[%emt 0:07:00]} 21. Nd4 {[%emt 0:06:30]} e5 {[%emt 0:00:00]} 22. f4 {[%emt 0:00:30]} c6 {[%emt 0:02:00] [#]} 23. b5 $1 {[%emt 0:11:30]} Qxc5 {[%emt 0:02:30]} 24. fxe5 {[%emt 0:00:30]} (24. bxc6 $16 Bxc6 25. fxe5) 24... cxb5 {[%emt 0:04:30]} 25. Rac1 $11 {[%emt 0:00:00]} Qb6 {[%emt 0:00:00]} 26. e6 {[%emt 0:01:00]} Rbe8 {[%emt 0:02:00]} 27. Kh1 {[%emt 0:02:30]} Nf6 {[%emt 0:01:30]} 28. Qe5 {[%emt 0:01:30]} Ng4 {[%emt 0:01:30]} 29. Qf4 {[%emt 0:00:30]} h6 {[%emt 0:04:30]} 30. e3 {[%emt 0:03:30]} Nf6 {[%emt 0:06:30]} 31. Qc7 {[%emt 0:04:30]} Qxc7 {[%emt 0:01:30]} 32. Rxc7 {[%emt 0:02:30]} Bc8 {[%emt 0:00:30]} 33. Nxf5 {[%emt 0:00:30]} Rxe6 {[%emt 0:09:30]} 34. Rec1 {[%emt 0:16:30]} Bd7 {[%emt 0:00:30]} 35. Rxd7 {[%emt 0:00:30]} Nxd7 {[%emt 0:00:30]} 36. Bxd5 {[%emt 0:00:30]} Rfe8 {[%emt 0:01:30]} 37. Nd4 {[%emt 0:01:30]} Nf8 {[%emt 0:00:30]} 38. Nxe6 {[%emt 0:00:30]} Nxe6 {[%emt 0:00:30]} 39. Rc8 {[%emt 0:00:30]} 1-0